000 00807nam a2200265Ia 4500
003 OSt
005 20220918171146.0
006 a|||||r|||| 00| 0
007 ta
008 220917b |||||||| |||| 00| 0 eng d
020 _a9781405126540 (pbk)
_c9161.70
024 _a243,987
037 _b30233, 20/09/2010, Segment Book Distributors
_cTextual
040 _aARTS
_cARTS
_beng
041 _2eng
_aeng
082 _aV52.K, Q0
100 _aJames Liz Ed.
_934568
245 0 _aCompanion to byzantium
260 _aMalden
_bWiley Blackwell USA
_c2010
300 _axxx,451p.
_ccm.
490 _aBlackwell companions to the ancient world
650 _aHISTORY
942 _hV52.K, Q0
_cTEXL
_2CC
999 _c138167
_d138167